000 00565nam a2200193Ia 4500
005 20230315121053.0
008 131103s9999 xx 000 0 und d
040 _aLoreto College
041 _aEnglish
082 _a822.33
_bSHA-RYL
100 _aShakespear, William
245 4 _aThe Ages of man
_b Shakespeare's image of man and nature
_carranged by George Rylands
260 _aLondon
_bMercury Books
_c1962
504 _aIncludes index and notes
650 _aEnglish drama
651 _aShakespear, William - anthology
850 _aLCLIB
942 _cBK
999 _c21890
_d72369